|
|
|
|
| LEADER |
00000nam a2200000 a 4500 |
| 001 |
vtls001407704 |
| 003 |
SK-MaSNL |
| 005 |
20260301071922.0 |
| 008 |
240509s2000 xo a r y slo |
| 015 |
|
|
|a SNBA2001/05-01476
|
| 020 |
|
|
|a 8022312126
|
| 035 |
|
|
|a SNK000362363
|
| 035 |
|
|
|a urn:nbn:sk:snk-amkmf2
|
| 035 |
|
|
|a urn:nbn:sk:snk-am003biq
|
| 035 |
|
|
|a 7806120F-05C0-4E51-8634-9D8923349006
|
| 040 |
|
|
|a SNK
|b slo
|c SNK
|e AACR2
|
| 041 |
0 |
|
|a slo
|
| 044 |
|
|
|a xo
|c SK
|
| 080 |
|
|
|a 551.243(075.8)
|2 1981
|
| 100 |
1 |
|
|a Marko, František
|4 aut
|9 6025
|
| 245 |
1 |
0 |
|a Štruktúrna geológia
|n 2
|p Úvod do deformačnej a dynamickej analýzy
|c František Marko
|
| 260 |
|
|
|a Bratislava
|b Univerzita Komenského
|c 2000
|
| 300 |
|
|
|a 124 s.
|b sch.
|c 29 cm
|
| 504 |
|
|
|a Bibliogr. s. 119-120. Reg.
|
| 650 |
0 |
7 |
|a štruktúrna geológia
|2 SNK
|9 76660
|
| 655 |
|
7 |
|a Textbooks (higher)
|2 SNKPHeng
|9 276436
|
| 655 |
|
7 |
|a učebnice vysokých škôl
|2 SNKPH
|9 70191
|
| 655 |
|
7 |
|a učebnice
|2 SNK
|9 22521
|
| 919 |
|
|
|a 80-223-1212-6
|
| 958 |
|
|
|a TL
|
| 958 |
|
|
|a NB
|
| 958 |
|
|
|a UV
|
| 999 |
|
|
|c 639439
|d 641369
|
| 952 |
|
|
|t P60, <04>, [BOOK], {604}
|a SNK
|b SNK
|y VYP
|7 0
|p 17A0291410
|o snkSC 100480/2 D1
|i snkKSP 2629/2001
|0 0
|1 0
|4 0
|d 2001-02-20
|l 0
|r 2005-01-02 00:00:00
|w 2026-02-23
|
| 952 |
|
|
|t P60, <03>, [BOOK], {603}
|a SNK
|b SNK
|y PREZ
|7 0
|p 17A0291409
|o snkSC 100480/2
|i snkKSP 2628/2001
|0 0
|1 0
|4 0
|d 2001-02-20
|f 1
|l 0
|r 2025-09-19 00:00:00
|w 2026-02-23
|